One Piece quiz ultime 1 - Arc Romance Dawn - Statistiques

Statistiques générales
  • Ce quiz a été pris 77 fois
    33 depuis la dernière actualisation
  • Le résultat moyen est 40 sur 76
Statistiques - réponses
Question Réponse % Correct
Quel est le nom du village de Luffy ? Fuchsia / Foosha
100%
Qui lança l'ère de la piraterie ? Gold Roger
100%
Quel est le surnom de Shanks ? Le roux
96%
Quel est le rôle de Benn Beckman dans l'equipage ? Vice-capitaine
92%
Quel âge a Luffy quand il prend la mer ? 17 ans
88%
Comment s'appelle la monnaie dans One Piece ? Berry / Belly
88%
Quel fruit du démon a mangé Luffy ? Fruit du Gum-Gum / Gomu Gomu no Mi
88%
Combien de membres d'équipage Luffy souhaite-t-il ? 10
84%
Quel est le rêve de Luffy ? Devenir le roi des pirates
84%
Qui tue l'un des brigands ? Lucky Roux / Lucky Roo
84%
Que confie Shanks à Luffy ? Son chapeau
84%
Après combien de temps Luffy décide-t-il de prendre la mer ? 10 ans
80%
Quel âge a Zoro ? 19 ans
80%
Comment Luffy obtient-il sa cicatrice ? En se blessant avec un couteau
80%
Qui Hermep prend-t-il pour otage ? Koby
80%
Selon Luffy, son poing est aussi puissant qu'un... Pistolet
80%
Quel chasseur de prime Alvida pense que Koby a engagé ? Roronoa Zoro
80%
Que perd Shanks en secourant Luffy ? Son bras gauche
80%
Dans quoi Luffy se cache-t-il pour survivre au tourbillon ? Un tonneau
80%
Comment est surnommé Zoro ? Le chasseur de pirates
76%
Combien de tonneaux demande Higuma à Makino ? 10
72%
À combien s'élève la prime d'Higuma ? 8.000.000
72%
Quel est le rêve de Zoro ? Devenir le meilleur sabreur du monde
72%
Que casse Higuma en entrant dans le bar ? La porte
72%
Quel est la contrepartie pour un détenteur de pouvoir ? Ne plus pouvoir nager
72%
Quel est le trésor de Zoro ? Ses sabres
72%
Combien de temps Zoro doit-il rester sur le poteau ? 1 mois
68%
Combien de temps Koby est-il resté au côté d'Alvida ? 2 ans
68%
Comment Luffy est-il surnommé ? Chapeau de paille
68%
Où Hermep a-t-il mis les sabres de Zoro ? Dans sa chambre
68%
Qu'est-ce qui est érigé en haut de la base par Morgan ? Sa statue
68%
Quel est le nom de la ville présent sur cette île ? Shells Town
68%
Que veux donner Shanks à Higuma ? Une bouteille
68%
Qu'utilise Higuma pour s'échapper de Shanks ? Un fumigène
68%
Quel est le nom du sabre que Zoro prend à Kuina ? Wado Ichimonji
68%
Que donne Rika à Zoro ? Des boulettes de riz
64%
Qu'avait-elle mis dedans ? Du sucre
64%
Comment est morte Kuina ? En tombant dans les escaliers
64%
Où Luffy veut-il aller ensuite ? Sur Grand Line
64%
Pendant combien de temps les Marines sont-il privé de repas ? 1 semaine
60%
Quelle technique utilise Luffy face au monstre marin ? Gum Gum Bullet / Gomu Gomu no Pistol
56%
Quelle technique utilise Luffy pour grimper en haut de la base ? Gum Gum Rocket / Gomu Gomu no Rocket
56%
Quel est le surnom d'Alvida ? La massue
56%
Quel est le nom du village natal de Zoro ? Shimotsuki
52%
Dans combien de jours Hermep prévoit d'exécuter Zoro ? 3 jours
48%
Quel est le surnom de Morgan ? Le hacheur / À la main de fer
48%
Qu'ordonne Morgan aux chiffes molles sous ses ordres ? Se tirer une balle dans la tête
48%
Quel est le montant de la prime d'Alvida ? 5.000.000
44%
Qui tue Higuma ? Le Monstre de la Baie
44%
Que dit Luffy après avoir surgit de son tonneau ? Qu'est ce que j'ai bien dormi
44%
Depuis combien de temps Zoro est-il sur le poteau ? 9 jours
40%
Avec quoi Luffy promet-il de rembourser Makino ? Avec son premier trésor
40%
Combien Higuma a-t-il tué de personne ? 56
36%
Pourquoi Zoro a-t-il été arrêté ? Car il a tué le loup de Hermep
36%
Comment s'appelle le maire du village ? Hoop Slap / Woop Slap
36%
Quelle technique utilise Luffy contre les Marines ? Gum Gum Fouet / Gomu Gomu no Muchi
32%
Quel est le nom du bar de Makino ? Partys Bar
32%
Comment s'appelle le maître de Zoro ? Koushirou / Kôshirô
28%
Comment Koby s'est-il retrouvé chez Alvida ? Il s'est trompé de bateau en allant pêcher
24%
Combien de fois Zoro a-t-il perdu face à Kuina ? 2001
20%
Chez qui Luffy, Zoro et Koby vont-ils manger après le combat ? Chez Ririka
20%
À qui appartient l'avis de recherche affiché dans le bar ? Mikio Itoo
12%
Qui réparera ce qu'a cassé Higuma ? Minatomo
12%
Qu'est-ce qui est écrit sur le menton de Morgan ? Möwe
12%
À qui Higuma veut-il refourguer Luffy ? À des forains
8%
Quel est le rêve de Koby ? Devenir un grand officier de la Marine
8%
Quel membre de la Marine demande à Luffy et Zoro de partir ? Ripper
8%
Comment s'appelait le loup de Hermep ? Soro
8%
Alvida se définit comme étant... La plus belle femme de l'océan
4%
Comment s'appelle la poissonnerie du village ? Uo
4%
Quel est le nom du Dojo du maître de Zoro ? Dojo Isshin
0%
Dans quel restaurant vont manger Luffy et Koby ? Food Foo
0%
À quel branche de la Marine appartient la base de Morgan ? La 153e branche
0%
Quel est le nom du navire d'Alvida ? Miss Love Duck
0%
Sur quelle île Alvida a-t-elle établie sa base ? Sur l'île de Goat
0%
Sur quelle île se trouve la base naval de Morgan ? Sur l'île Yotsuba
0%
Aucun quiz correspondant
Distribution des résultats
% des personnes avec chaque résultat
Percentile par nombre de réponses
Votre historique - résultats
Vous n’avez pas pris ce quiz depuis la dernière actualisation